Oeuvres d'art en photographie : (Record no. 160890)

MARC details
000 -LEADER
campo de control de longitud fija 00840nam a22002055i 4500
001 - NÚMERO DE CONTROL
campo de control 160890
003 - IDENTIFICADOR DE NÚMERO DE CONTROL
campo de control ES-MaACL
005 - FECHA Y HORA DE LA ÚLTIMA TRANSACCIÓN
campo de control 20250812043350.0
008 - DATOS DE LONGITUD FIJA--INFORMACIÓN GENERAL
campo de control de longitud fija 000808s1872 fr |||| | fre d
245 00 - MENCIÓN DEL TÍTULO
Título Oeuvres d'art en photographie :
Resto del título l'Espagne et le Portugal au point de vue artistique, monumental et pittoresque : catalogue /
Mención de responsabilidad, etc. publié par J. Laurent.
260 ## - PUBLICACIÓN, DISTRIBUCIÓN, ETC.
Lugar de publicación, distribución, etc. Paris :
Nombre del editor, distribuidor, etc. [s.n.],
Fecha de publicación, distribución, etc. 1872 (
Fabricante Imp. Centrale des Chemins de Fer)
300 ## - DESCRIPCIÓN FÍSICA
Extensión 184 p. ;
Dimensiones 27 cm.
650 #4 - PUNTO DE ACCESO ADICIONAL DE MATERIA--TÉRMINO DE MATERIA
Término de materia o nombre geográfico como elemento de entrada Monumentos-
Subdivisión geográfica España.
9 (RLIN) 15179
650 #7 - PUNTO DE ACCESO ADICIONAL DE MATERIA--TÉRMINO DE MATERIA
Término de materia o nombre geográfico como elemento de entrada Arte español
Fuente del encabezamiento o término embne
9 (RLIN) 10189
650 #4 - PUNTO DE ACCESO ADICIONAL DE MATERIA--TÉRMINO DE MATERIA
Término de materia o nombre geográfico como elemento de entrada Monumentos-
Subdivisión geográfica Portugal.
9 (RLIN) 136539
650 #7 - PUNTO DE ACCESO ADICIONAL DE MATERIA--TÉRMINO DE MATERIA
Término de materia o nombre geográfico como elemento de entrada Arte portugués
Fuente del encabezamiento o término embne
9 (RLIN) 164451
700 1# - ENTRADA AGREGADA--NOMBRE PERSONAL
Nombre de persona Laurent, J.,
Fechas asociadas al nombre 1816-1886
9 (RLIN) 147296
852 4# - LOCALIZACIÓN
Ubicación ES-MaACL
Número de control de estantería T-704-F-3
Nota libre - Enc. hol., falto de cub. original
-- - Enc. en un vol. facticio
Holdings
Estatus retirado Estado de pérdida Estado de daño No para préstamo Colección Biblioteca de origen Biblioteca actual Ubicación en estantería Fecha de adquisición Total de préstamos Signatura topográfica completa Código de barras Visto por última vez Precio de reemplazo Tipo de ítem Koha
        Colección de folletos Biblioteca del Ateneo de Madrid Biblioteca del Ateneo de Madrid Depósito folletos 17/01/2008   T-704-F-3 1168489 23/02/2023 23/02/2023 Folleto